Influence of physical ageing on the electrical and swelling behaviour of ternary rubber vulcanisates (Record no. 61284)

MARC details
000 -LEADER
fixed length control field 01136nam a2200181Ia 4500
100 ## - MAIN ENTRY--AUTHOR NAME
Personal name Nasar G M
245 #0 - TITLE STATEMENT
Title Influence of physical ageing on the electrical and swelling behaviour of ternary rubber vulcanisates
260 ## - PUBLICATION, DISTRIBUTION, ETC. (IMPRINT)
Name of publisher Polymer Degradation and Stability
Year of publication 1995
300 ## - PHYSICAL DESCRIPTION
Number of Pages 249-259
500 ## - GENERAL NOTE
General note Source Year: 1996
520 ## - SUMMARY, ETC.
Summary, etc The effects of pre-annealing ageing time at 70 C on the electrical properties (resistivity) and swelling behaviour in kerosene of a triblock rubber based on the blends of NR with different concentration ratios of both SBR and BR, all incorporating 40phr of high abrasion furnace carbon black, were investigated. It was found that the interspacing distance between carbon particles or aggregates was greatly affected by physical ageing and also by the rubber ratios in the test specimens. The degree of swelling in kerosene was found to decrease with the physical ageing and butyl rubber content of the specimen.
650 ## - SUBJECT ADDED ENTRY--TOPICAL TERM
Topical Term Physical ageing
650 ## - SUBJECT ADDED ENTRY--TOPICAL TERM
Topical Term Termary rubber vulcanisates
700 ## - ADDED ENTRY--PERSONAL NAME
Personal name Goman A S
856 ## - ELECTRONIC LOCATION AND ACCESS
Uniform Resource Identifier IRRDB
942 ## - ADDED ENTRY ELEMENTS (KOHA)
Koha item type Journals
Holdings
Withdrawn status Lost status Damaged status Not for loan Home library Current library Shelving location Date acquired Serial Enumeration / chronology Koha item type
      Journals RRII Library RRII Library Rubber chemistry 17/12/2021 Volume 50, Issue 3 Journals